Statistics for Five Most Populated Countries by Groups #3

Click here to take the quiz!

General Stats

  • This quiz has been taken 259 times
  • The average score is 28 of 40

Answer Stats

HintAnswer% Correct
Bordering China | Closer to Bahrain than Bangladesh isIndia
97%
Borders Two+ Oceans | Name With Two+ Words | Quizmaster has VisitedUnited States
96%
Bordering China | Borders Two+ Oceans | Closer to Bahrain than Bangladesh isRussia
93%
Spanish SpeakingSpain
92%
Borders Two+ Oceans | Quizmaster has Visited | Spanish SpeakingMexico
92%
Spanish SpeakingArgentina
89%
Bordering China | Capital Starts With VowelPakistan
85%
Name With Two+ WordsUnited Kingdom
83%
Spanish SpeakingColombia
80%
Spanish SpeakingPeru
78%
Bordering ChinaVietnam
73%
Name With Two+ WordsSouth Africa
73%
Name With Two+ WordsSouth Korea
72%
Name With Two+ WordsDR Congo
67%
Closer to Bahrain than Bangladesh is | Quizmaster has VisitedChina
61%
Capital Starts With VowelNigeria
60%
Bordering ChinaMyanmar
59%
Quizmaster has VisitedJapan
58%
Borders Two+ Oceans | Closer to Bahrain than Bangladesh isEgypt
56%
LandlockedAfghanistan
55%
Capital Starts With VowelTurkey
54%
Capital Starts With Vowel | Closer to Bahrain than Bangladesh is | LandlockedEthiopia
53%
LandlockedNepal
52%
Borders Two+ OceansFrance
45%
Quizmaster has VisitedGermany
40%
LandlockedUzbekistan
39%
Capital Starts With VowelAlgeria
29%
LandlockedUganda
26%

Score Distribution

Percentile by Number Answered

Percent of People with Each Score

Your Score History

You have not taken this quiz